Inhaler - Slide Out The Window - Statistics

General Stats
  • This quiz has been taken 3 times
  • The average score is 109 of 151
Answer Stats
Answer % Correct
a
100%
for
100%
I
100%
in
100%
just
100%
my
100%
out
100%
slide
100%
slide,
100%
Slide
100%
the
100%
there
100%
When
100%
window
100%
an
67%
apart
67%
burning
67%
checking
67%
chest
67%
dawning
67%
deep
67%
end
67%
growing
67%
hole
67%
I'm
67%
like
67%
Like
67%
live
67%
makes
67%
moves
67%
next
67%
now
67%
Oh,
67%
oh,
67%
right
67%
She
67%
she's
67%
sundress
67%
'til
67%
up
67%
waits
67%
we
67%
wearing
67%
were
67%
we're
67%
where
67%
with
67%
world
67%
would
67%
you
67%
You
67%
and
33%
breath
33%
change
33%
dark
33%
down
33%
ex
33%
gets
33%
gotta
33%
head
33%
hold
33%
I'll
33%
it
33%
mornings
33%
seasons
33%
sunrise
33%
take
33%
your
33%
you've
33%
cross
0%
heart
0%
own
0%
we'll
0%
No matching quizzes found
Score Distribution
Percent of People with Each Score
Percentile by Number Answered
Your Score History
You have not taken this quiz